Propuesta de la Asociación Nacional de Empleados Públicos -ANEP- sobre el presupuesto nacional y el proyecto de ley de normas generales
Salvato in:
| Ente Autore: | |
|---|---|
| Natura: | testo |
| Pubblicazione: |
San José:
La Asociación
|
| Tags: |
Aggiungi Tag
Nessun Tag, puoi essere il primo ad aggiungerne!!
|
MARC
| LEADER | 00000 a a2200000 04500 | ||
|---|---|---|---|
| 001 | 14219 | ||
| 003 | |||
| 040 | |||
| 090 | |a 027300 | ||
| 110 | |a Asociación Nacional de Empleados Públicos (Costa Rica) | ||
| 245 | |a Propuesta de la Asociación Nacional de Empleados Públicos -ANEP- sobre el presupuesto nacional y el proyecto de ley de normas generales | ||
| 260 | |a San José: |b La Asociación | ||
| 300 | |a 13 p . | ||
| 999 | |c 12659 |d 12659 | ||
